|
|
|
|
| LEADER |
00000nam0a2200000 4500 |
| 001 |
108233 |
| 005 |
20231031115552.0 |
| 010 |
|
|
|a 103540235876
|
| 035 |
|
|
|a (RuTPU)RU\TPU\book\116830
|
| 090 |
|
|
|a 108233
|
| 100 |
|
|
|a 20070117d2005 k y0engy50 ba
|
| 101 |
0 |
|
|a eng
|
| 102 |
|
|
|a US
|
| 105 |
|
|
|a a z 001zy
|
| 200 |
1 |
|
|a Environmental Impact Assessment of Recycled Wastes on Surface and Ground Waters
|h Vol. 2
|i Risk anallysics
|f под ред. T. A. Kassim
|
| 210 |
|
|
|a New York
|c Springer Verlag
|d 2005
|
| 215 |
|
|
|a 283 p.
|c il.
|
| 225 |
1 |
|
|a The handbook of environmental chemistry
|
| 320 |
|
|
|a References : p. 269-273.
|
| 320 |
|
|
|a Index: p. 275-283.
|
| 610 |
1 |
|
|a экология
|
| 610 |
1 |
|
|a окружающая среда
|
| 610 |
1 |
|
|a воздействие
|
| 610 |
1 |
|
|a анализ
|
| 610 |
1 |
|
|a оценка
|
| 610 |
1 |
|
|a ущерб
|
| 610 |
1 |
|
|a химическая экология
|
| 610 |
1 |
|
|a английский язык
|
| 610 |
1 |
|
|a отходы
|
| 610 |
1 |
|
|a переработка
|
| 610 |
1 |
|
|a портландцемент
|
| 610 |
1 |
|
|a бетон
|
| 610 |
1 |
|
|a бурый уголь
|
| 610 |
1 |
|
|a зола
|
| 610 |
1 |
|
|a летучесть
|
| 610 |
1 |
|
|a токсичность
|
| 610 |
1 |
|
|a здоровье
|
| 610 |
1 |
|
|a человек
|
| 610 |
1 |
|
|a поверхностные воды
|
| 610 |
1 |
|
|a грунтовые воды
|
| 610 |
1 |
|
|a промышленные отходы
|
| 610 |
1 |
|
|a хемодинамика
|
| 675 |
|
|
|a 504.05
|v 3
|
| 702 |
|
1 |
|a Kassim
|b T. A.
|g Tarek
|4 340
|
| 801 |
|
1 |
|a RU
|b 63413507
|c 20070117
|g PSBO
|
| 801 |
|
2 |
|a RU
|b 63413507
|c 20160310
|g PSBO
|
| 942 |
|
|
|c BK
|
| 959 |
|
|
|a 2/20070117
|d 1
|e 5353,83
|f ЧЗИЛ:1
|